000 01166cam a22003257a 4500
003 CHAP
005 20220817042437.0
008 971013s1967 r 00010 d
010 _a44904
011 _a45876
035 _a50016
040 _cCHAP
082 _a378
_bU8
100 0 0 _aUrquidi, Víctor L.
_9116979
245 1 3 _aLa educación superior, la ciencia y la tecnología en el desarrollo económico de México
_b: un estudio preliminar
260 _aMéxico, D.F. :
_bColegio de México. Centro de Estudios Económicos y Demográficos,
_c1967
300 _a118 p.
590 _aBATCH-UPD
_b10
_c20130110
_lUCH01
_h1643
590 _aBATCH-UPD
_b10
_c20130410
_lUCH01
_h1033
590 _aBATCH-UPD
_b10
_c20130914
_lUCH01
_h1245
590 _aCONVERSION
_b10
_c20130109
_lUCH01
_h1325
650 1 4 _aEducación superior.
650 1 4 _aInvestigación
_xMéxico.
_960240
650 1 4 _aMéxico
_xCondiciones económicas.
700 0 _aLajous Vargas, Adrián.
_964503
901 _aBK
942 _cLIBRO
949 _a378 U8
_bBC
_cLIBRO
_d33724000150991
_eLIBRO
_fc.2
_h42783
_i50016
_mD
_si
949 _a378 U8
_bBC
_cLIBRO
_d33724000151007
_eLIBRO
_h40726
_i50016
_mD
_si
999 _c44904
_d44904